000 01325nam0a2200349 4500
001 RU\NLR\BIBL_A\012250462
005 20200629104005.0
010 _a978-5-4493-2895-3
021 _aRU
_bКН-П-20-005355
_9КН-П-20-0408
035 _a(NLR Aleph) 012250462
035 _a(RuMoRGB)010265478
090 _a11079331
_c11079331
100 _a20200319d2018 d y0rusy50 ca
101 0 _arus
102 _aRU
105 _aac z 000ay
181 0 _ai
_baxxe
182 0 _an
200 1 _aВ разноцветных красках
_eлюбовная, гражданская, ироническая, пейзажная, философская, религиозная и сказочная лирика
_fЛюдмила Оскаровна Ручкина
203 _aТекст
_bвизуальный
_cнепосредственный
210 _a[Б. м.]
_cИздательские решения
_d2018
215 _a182, [5] с.
_cил., портр.
_d21
300 _aНа 4-й с. обл. авт.: Л.О. Ручкина, к.т.н.
333 _a12+
686 2 _aШ6(2=Р)8-5
700 1 _aРучкина
_bЛ.О.
_gЛюдмила Оскаровна
942 _cBOOK
980 _aNBR
980 _aNB